000 00356nam a22001217a 4500
999 _c761
_d761
005 20200817163449.0
008 200817b ||||| |||| 00| 0 eng d
020 _a3318
040 _cCML
245 _aWorld Population and Resources.
_cPEP
260 _aGreat Britain
_bNovello and Company Ltd
_c1955
942 _2ddc
_cBK
_e1st Edition
_h338
_mPEP